Assessing the need for key-worker housing: a case study of Cambridge (Record no. 73487)
[ view plain ]
| 000 -LEADER | |
|---|---|
| fixed length control field | 01729cam a2200229 4500 |
| 001 - CONTROL NUMBER | |
| control field | ABS67076 |
| 008 - FIXED-LENGTH DATA ELEMENTS--GENERAL INFORMATION | |
| fixed length control field | 030930n2003 000 0 eng u |
| 035 ## - SYSTEM CONTROL NUMBER | |
| System control number | (Sirsi) u123757 |
| 100 ## - MAIN ENTRY--PERSONAL NAME | |
| Personal name | Morrison, N. |
| 245 ## - TITLE STATEMENT | |
| Title | Assessing the need for key-worker housing: a case study of Cambridge |
| 260 ## - PUBLICATION, DISTRIBUTION, ETC. | |
| Date of publication, distribution, etc. | 2003 |
| 490 ## - SERIES STATEMENT | |
| Series statement | Town Planning Review |
| Volume/sequential designation | 74(3) July 2003, 281-300 (20) |
| 520 ## - SUMMARY, ETC. | |
| Summary, etc. | Provides a case study on the nature and extent of the key-worker housing problem in Cambridge, which seeks to inform the debate about the housing affordability problems in high-cost locations in England, particularly for public sector employees. Recognises that, although the government has advised local planning authorities to carry out local assessments of key-worker housing needs and to provide solutions, little guidance exists with regard to defining key workers and key-worker housing nor on the undertaking of local assessments. Using published statistics and extensive surveys of local employers/employees, the study proposes that key-worker housing policies should be included in the Cambridge Local Plan. Concludes that broad definitions of key workers and key-worker housing should be adopted, the latter to include subsidised rented housing, shared and discounted market ownership and fixed equity tenure. Tables covering local household projections, house price/income ratios, incomes, public sector salaries and earnings per worker category, and housing costs/income range figures. References. |
| 590 ## - LOCAL NOTE (RLIN) | |
| Local note | ABS |
| 650 ## - SUBJECT ADDED ENTRY--TOPICAL TERM | |
| Topical term or geographic name entry element | LOCAL PLANNING AUTHORITIES |
| 650 ## - SUBJECT ADDED ENTRY--TOPICAL TERM | |
| Topical term or geographic name entry element | CAMBRIDGE |
| 650 ## - SUBJECT ADDED ENTRY--TOPICAL TERM | |
| Topical term or geographic name entry element | KEY WORKERS |
| 650 ## - SUBJECT ADDED ENTRY--TOPICAL TERM | |
| Topical term or geographic name entry element | SUBSIDISED HOUSING |
| 650 ## - SUBJECT ADDED ENTRY--TOPICAL TERM | |
| Topical term or geographic name entry element | SHARED OWNERSHIP |
| 690 ## - LOCAL SUBJECT ADDED ENTRY--TOPICAL TERM (OCLC, RLIN) | |
| Topical term or geographic name as entry element | HOUSING-DEVELOPMENT |
| 942 ## - ADDED ENTRY ELEMENTS (KOHA) | |
| Suppress in OPAC | 0 |
| Withdrawn status | Lost status | Source of classification or shelving scheme | Damaged status | Not for loan | Home library | Current library | Shelving location | Date acquired | Total Checkouts | Full call number | Barcode | Date last seen | Copy number | Price effective from | Koha item type |
|---|---|---|---|---|---|---|---|---|---|---|---|---|---|---|---|
| Dewey Decimal Classification | London | London | Journal article | 30/09/2003 | ABS67076 | 123757-1001 | 06/08/2019 | 1 | 06/08/2019 | Journal article |